[Event "16th EUR-ch"]
[Site "Jerusalem ISR"]
[Date "2015.03.06"]
[Round "10"]
[White "Kunin, Michael"]
[Black "Kudischewitsch, David"]
[Result "0-1"]
[WhiteElo "2147"]
[BlackElo "2334"]
[EventDate "2015.02.24"]
[PlyCount "42"]

1.e4 c5 2.Nf3 e6 3.d4 cxd4 4.Nxd4 a6 5.Bd3 Ne7 6.O-O Nec6 7.Nxc6 Nxc6 8.c4
d6 9.Nc3 Be7 10.b3 O-O 11.Bb2 Bf6 12.Qd2 Qa5 13.Rac1 Nd8 14.a3 Bd7 15.b4 
Qg5 16.f4 Bd4+ 17.Kh1 Qh6 18.Qe1 g6 19.Bb1 b5 20.cxb5 axb5 21.Bd3 Rb8 0-1

[Event "16th EUR-ch"]
[Site "Jerusalem ISR"]
[Date "2015.03.06"]
[Round "10"]
[White "Vaisberg, Michael"]
[Black "Zanan, Evgeny"]
[Result "0-1"]
[WhiteElo "2136"]
[BlackElo "2327"]
[EventDate "2015.02.24"]
[PlyCount "100"]

1.d4 Nf6 2.c3 g6 3.e3 Bg7 4.f4 d6 5.Nf3 O-O 6.Bc4 Nc6 7.O-O a6 8.a4 Bf5 9.
h3 e5 10.fxe5 dxe5 11.dxe5 Ne4 12.Nd4 Nxe5 13.Bb3 Bd7 14.Nd2 Ng3 15.Rf2 c5
16.Ne2 Nf5 17.Nf3 Bc6 18.Qxd8 Raxd8 19.Nxe5 Bxe5 20.e4 Bxe4 21.Bg5 Rd7 22.
g4 Nd6 23.Rd1 Kg7 24.Be3 Rc8 25.Nf4 c4 26.Bc2 Bxc2 27.Rxc2 Re7 28.Rcd2 Ne4
29.Rd7 Rxd7 30.Rxd7 Bxf4 31.Bxf4 Nc5 32.Be5+ Kg8 33.Re7 b6 34.Ra7 a5 35.
Bd4 Nxa4 36.Rb7 Nxb2 37.Rxb6 Nd3 38.Ra6 Nf4 39.Kh2 Kf8 40.Rxa5 Ke7 41.Re5+
Ne6 42.Bb6 Kd6 43.Re2 Ra8 44.Bf2 f5 45.gxf5 gxf5 46.Kg3 Rg8+ 47.Kh4 f4 48.
Kh5 Rg6 49.Ba7 Ng7+ 50.Kh4 Nf5+ 0-1

[Event "16th EUR-ch"]
[Site "Jerusalem ISR"]
[Date "2015.03.06"]
[Round "10"]
[White "Manakova, Maria"]
[Black "Pogosian, Vladimir"]
[Result "0-1"]
[WhiteElo "2318"]
[BlackElo "2124"]
[EventDate "2015.02.24"]
[PlyCount "126"]

1.e4 e5 2.Nf3 d6 3.d4 Nd7 4.Nc3 Ngf6 5.g3 Be7 6.Bg2 c6 7.a4 O-O 8.O-O b6 
9.d5 cxd5 10.Nxd5 Nxd5 11.Qxd5 Ba6 12.Re1 Rc8 13.Qd2 Qc7 14.a5 b5 15.Bh3 
Rfd8 16.Qe3 Qb7 17.c3 Rc7 18.b4 Qc6 19.Bb2 Nf6 20.Bg2 Ng4 21.Qe2 Bc8 22.
Nd2 Bg5 23.Nf1 Be6 24.Bc1 Be7 25.Bd2 h5 26.h3 Nf6 27.f4 Qd7 28.Kh2 exf4 
29.gxf4 Bc4 30.Qf2 d5 31.e5 Ne4 32.Bxe4 dxe4 33.Rad1 Bd3 34.Ne3 f6 35.Rg1 
fxe5 36.Rxg7+ Kxg7 37.Qg3+ Kh8 38.Qg6 Bf8 39.Qxh5+ Qh7 40.Qxe5+ Qg7 41.
Qh5+ Qh6 42.Qe5+ Rg7 43.Nf5 Bd6 44.Qxg7+ Qxg7 45.Nxg7 Kxg7 46.Be3 a6 47.
Rg1+ Kf7 48.Rg5 Rg8 49.Rd5 Ke6 50.Rh5 Be2 51.Rh6+ Kd5 52.Rf6 Bf3 53.h4 Be7
54.Rxa6 Bxh4 55.Rh6 Be1 56.a6 Bxc3 57.Bc5 e3 58.Rd6+ Kc4 59.Bxe3 Bxb4 60.
Rd4+ Kb3 61.f5 Be1 62.Bg5 Rh8+ 63.Bh4 Rxh4+ 0-1

[Event "16th EUR-ch"]
[Site "Jerusalem ISR"]
[Date "2015.03.06"]
[Round "10"]
[White "Zak, Arad"]
[Black "Aharon, Ofir"]
[Result "1-0"]
[WhiteElo "2061"]
[BlackElo "2311"]
[EventDate "2015.02.24"]
[PlyCount "81"]

1.d4 Nf6 2.c4 g6 3.Nc3 d5 4.cxd5 Nxd5 5.g3 Bg7 6.Bg2 Nb6 7.Nf3 Nc6 8.Bf4 
O-O 9.O-O Be6 10.Qc1 Nxd4 11.Nxd4 Qxd4 12.Bxb7 Rab8 13.Bf3 Nc4 14.Rd1 Qc5 
15.b3 Ne5 16.Nd5 Nxf3+ 17.exf3 Qxd5 18.Rxd5 Bxd5 19.Bh6 Bxh6 20.Qxh6 e6 
21.Kg2 Rb5 22.Rc1 c6 23.Qe3 Ra5 24.Qd2 Rb5 25.Rc3 Rfb8 26.Kf1 a5 27.Qf4 
Rb4 28.Qf6 a4 29.bxa4 Rxa4 30.a3 Rba8 31.Qe7 R4a7 32.Qd6 Ra5 33.h4 h5 34.
g4 Kh7 35.gxh5 gxh5 36.Qe7 R8a7 37.Qf6 Ra4 38.Re3 Bc4+ 39.Kg1 R4a5 40.f4 
Rf5 41.Qd4 1-0

[Event "16th EUR-ch"]
[Site "Jerusalem ISR"]
[Date "2015.03.06"]
[Round "10"]
[White "Vasiliev, Olga"]
[Black "Lahav, Michal"]
[Result "1/2-1/2"]
[WhiteElo "2296"]
[BlackElo "1886"]
[EventDate "2015.02.24"]
[PlyCount "168"]

1.e4 e6 2.d4 d5 3.e5 c5 4.c3 Nc6 5.Nf3 Nge7 6.Na3 Nf5 7.Nc2 Be7 8.h4 cxd4 
9.cxd4 Bd7 10.Bd3 Rc8 11.Kf1 a5 12.a3 a4 13.Bd2 Qb6 14.Bc3 Na5 15.Qe2 Nc4 
16.Rb1 Bb5 17.g4 Nh6 18.Nfe1 Ba6 19.Kg2 Nxa3 20.Nxa3 Bxa3 21.Bxa6 bxa6 22.
Ra1 Bb4 23.Rxa4 Bxc3 24.bxc3 a5 25.Ra3 O-O 26.Nd3 Rc4 27.f3 Rfc8 28.Nc5 
Kh8 29.Rha1 Ng8 30.Qd2 Ra8 31.Kg3 Ne7 32.Qf4 Qc7 33.Rb1 Ng6 34.Qe3 h6 35.
Rb7 Qd8 36.g5 Kg8 37.Kh3 Qc8 38.Rab3 h5 39.R7b5 Qd8 40.Nb7 Qc7 41.Nd6 a4 
42.Ra3 Qc6 43.Rb2 Qa6 44.Nxc4 Qxc4 45.Ra1 Kh7 46.Rb7 Kg8 47.Kg3 Qc6 48.Rb4
Ne7 49.Qd3 g6 50.Ra3 Ra5 51.c4 dxc4 52.Qxc4 Qxc4 53.Rxc4 Nf5+ 54.Kf4 Nxh4 
55.Raxa4 Rxa4 56.Rxa4 Nf5 57.Ra8+ Kg7 58.Ke4 Ng3+ 59.Kd3 Nf5 60.Ra7 Nh4 
61.Ke4 Kf8 62.Ra3 Nf5 63.d5 exd5+ 64.Kxd5 Ng7 65.Ra8+ Ke7 66.Ra7+ Kf8 67.
Kd6 Ne6 68.Ra8+ Kg7 69.Ke7 h4 70.Ra4 h3 71.Ra2 Nxg5 72.f4 Nf3 73.Ra1 Nd4 
74.Rh1 Ne6 75.f5 gxf5 76.Rxh3 f4 77.Rh1 Kg6 78.Rg1+ Kf5 79.Kxf7 Nd8+ 80.
Ke8 Kxe5 81.Re1+ Kd4 82.Kxd8 f3 83.Ke7 f2 84.Ra1 Ke3 1/2-1/2

[Event "16th EUR-ch"]
[Site "Jerusalem ISR"]
[Date "2015.03.06"]
[Round "10"]
[White "Henseler, Jorgen"]
[Black "Zisman, Philip"]
[Result "0-1"]
[WhiteElo "2123"]
[BlackElo "2238"]
[EventDate "2015.02.24"]
[PlyCount "91"]

1.d4 d5 2.c4 e5 3.dxe5 d4 4.Nf3 Nc6 5.a3 Nge7 6.b4 Ng6 7.Bb2 a5 8.b5 Ncxe5
9.Nxe5 Nxe5 10.Bxd4 Nxc4 11.e3 Be6 12.Qc2 Nd6 13.Bd3 Qg5 14.f4 Qh4+ 15.g3 
Qh3 16.e4 Be7 17.Nc3 f5 18.Nd5 Bxd5 19.exd5 O-O 20.Be5 Bf6 21.O-O-O Rac8 
22.Kb1 Qg4 23.Rhe1 Qf3 24.a4 g6 25.Qb3 Kg7 26.Rf1 Qg2 27.Qa2 Qxa2+ 28.Kxa2
Rfe8 29.Rfe1 Bxe5 30.fxe5 Nf7 31.b6 cxb6 32.d6 Rxe5 33.d7 Rd8 34.Rxe5 Nxe5
35.Bb5 Nc6 36.Rd6 Kf7 37.Bxc6 bxc6 38.Kb3 b5 39.Rxc6 bxa4+ 40.Kxa4 Rxd7 
41.Kxa5 Rd2 42.Rc7+ Kg8 43.h3 Rd3 44.g4 fxg4 45.hxg4 Rd4 46.g5 0-1

[Event "16th EUR-ch"]
[Site "Jerusalem ISR"]
[Date "2015.03.06"]
[Round "10"]
[White "Aronin, Pavel"]
[Black "Kalka, Arkadius Georg"]
[Result "0-1"]
[WhiteElo "2085"]
[BlackElo "2389"]
[EventDate "2015.02.24"]
[PlyCount "50"]

1.e4 g6 2.d4 Bg7 3.Nf3 d6 4.h3 Nd7 5.Nc3 e5 6.Bg5 f6 7.Be3 Nh6 8.dxe5 dxe5
9.Bc4 c6 10.a4 a5 11.g4 Nf7 12.h4 Bf8 13.g5 Bb4 14.h5 Nd6 15.Bb3 Ke7 16.
gxf6+ Nxf6 17.Bg5 Nxe4 18.hxg6 Nxg5 19.g7 Qxd1+ 20.Kxd1 Rd8+ 21.Nd2 Bxc3 
22.bxc3 Nge4 23.g8=N+ Nxg8 24.Bxg8 Nxf2+ 25.Ke2 Nxh1 0-1

[Event "16th EUR-ch"]
[Site "Jerusalem ISR"]
[Date "2015.03.06"]
[Round "10"]
[White "Bochkarev, Yuriy"]
[Black "Bitensky, Igor"]
[Result "0-1"]
[WhiteElo "2076"]
[BlackElo "2384"]
[EventDate "2015.02.24"]
[PlyCount "66"]

1.d4 Nf6 2.Nf3 g6 3.g3 Bg7 4.Bg2 O-O 5.O-O d6 6.c4 Nc6 7.Nc3 Rb8 8.a3 Bd7 
9.Qc2 e5 10.dxe5 dxe5 11.Rd1 Qe8 12.Bg5 Bf5 13.Qa4 Ne4 14.Nxe4 Bxe4 15.Rd2
a6 16.Rad1 Qe6 17.Be3 Bxf3 18.Bxf3 Nd4 19.Bd5 Qg4 20.f3 Qh3 21.c5 c6 22.
Ba2 Bh6 23.f4 Nf5 24.Qb3 Nxe3 25.Qxe3 exf4 26.Qf3 fxg3 27.Rd3 Qxh2+ 28.Kf1
Rbe8 29.Qxg3 Qxe2+ 30.Kg1 Re5 31.Qf3 Rg5+ 32.Kh1 Rh5+ 33.Kg1 Qh2+ 0-1

[Event "16th EUR-ch"]
[Site "Jerusalem ISR"]
[Date "2015.03.06"]
[Round "10"]
[White "Mordechai, Hanan"]
[Black "Nareznoy, David"]
[Result "1-0"]
[WhiteElo "2331"]
[BlackElo "2069"]
[EventDate "2015.02.24"]
[PlyCount "83"]

1.e4 e6 2.d4 d5 3.Nd2 Nf6 4.e5 Nfd7 5.Ngf3 c5 6.c3 Nc6 7.Bd3 g5 8.dxc5 g4 
9.Nd4 Ncxe5 10.Bb5 Bxc5 11.O-O Bd6 12.f4 gxf3 13.N2xf3 h5 14.Bg5 f6 15.Bh4
a6 16.Ba4 Qe7 17.Qe2 Kd8 18.Rae1 Kc7 19.Bxd7 Kxd7 20.Bxf6 Qxf6 21.Nxe5+ 
Qxe5 22.Qxe5 Bxe5 23.Rxe5 Kd6 24.Rfe1 Bd7 25.Nf3 Raf8 26.h4 Rf4 27.Rg5 Rg4
28.Ree5 Be8 29.g3 Rg8 30.Kf2 Bg6 31.Nh2 Rxg5 32.Rxg5 Rf8+ 33.Ke3 Rf6 34.g4
Bb1 35.Rxh5 Bxa2 36.g5 Rg6 37.Rh7 b6 38.Rb7 Kc6 39.Ra7 a5 40.Nf3 Rg8 41.
Ne5+ Kd6 42.Kd4 1-0

[Event "16th EUR-ch"]
[Site "Jerusalem ISR"]
[Date "2015.03.06"]
[Round "10"]
[White "Erenberg, Ariel"]
[Black "Parkhov, Yair"]
[Result "1/2-1/2"]
[WhiteElo "2278"]
[BlackElo "1997"]
[EventDate "2015.02.24"]
[PlyCount "148"]

1.d4 Nf6 2.c4 e6 3.Nc3 Bb4 4.f3 d5 5.a3 Bxc3+ 6.bxc3 c5 7.cxd5 Nxd5 8.dxc5
Qa5 9.e4 Nf6 10.Be3 Nfd7 11.Qb3 Qc7 12.Bb5 O-O 13.Qb4 Nc6 14.Qa4 Nce5 15.
Qd4 a6 16.Be2 Nc6 17.Qa4 Nce5 18.f4 Nxc5 19.Qc2 Ng6 20.Nh3 b6 21.O-O Bb7 
22.Bf3 Nh4 23.Bd4 Rad8 24.Rad1 f5 25.e5 Nxf3+ 26.gxf3 h6 27.Qf2 Bd5 28.Qe3
Qc6 29.Rb1 Rb8 30.Rb2 Rb7 31.Rfb1 Rc8 32.Kg2 b5 33.Nf2 Bc4 34.h3 Na4 35.
Rd2 Nc5 36.Bxc5 Qxc5 37.Rd8+ Kf7 38.Qxc5 Rxc5 39.Rd6 a5 40.Rc1 Ke7 41.Ra6 
a4 42.Rd6 g5 43.Kg3 Rbc7 44.Rd2 Bb3 45.Rd3 Rc4 46.fxg5 hxg5 47.Kg2 b4 48.
axb4 Rxb4 49.Nd1 Bxd1 50.Rcxd1 Rb5 51.Ra1 Ra7 52.Ra3 Rb3 53.Ra1 a3 54.Kg3 
Rc7 55.h4 gxh4+ 56.Kxh4 Rcxc3 57.Rxc3 Rxc3 58.f4 Rf3 59.Kg5 Rg3+ 60.Kh5 
Kd7 61.Kh4 Rg4+ 62.Kh5 Rxf4 63.Rxa3 Re4 64.Ra5 Rg4 65.Rc5 Rg1 66.Rc4 Rg2 
67.Rd4+ Ke7 68.Rc4 Rd2 69.Kg5 Rd5 70.Kf4 Kd7 71.Ra4 Rc5 72.Ra7+ Rc7 73.Ra4
Rb7 74.Kg5 Rb8 1/2-1/2

[Event "16th EUR-ch"]
[Site "Jerusalem ISR"]
[Date "2015.03.06"]
[Round "10"]
[White "Poleg, Dan"]
[Black "Gamayev, Oleg"]
[Result "0-1"]
[WhiteElo "1992"]
[BlackElo "2204"]
[EventDate "2015.02.24"]
[PlyCount "106"]

1.d4 c6 2.c4 d5 3.Nf3 Nf6 4.e3 Bf5 5.Nc3 e6 6.Nh4 Bg6 7.Nxg6 hxg6 8.Qb3 
Qb6 9.Bd3 Nbd7 10.Bd2 Qxb3 11.axb3 a6 12.e4 c5 13.exd5 cxd4 14.dxe6 Nc5 
15.Nb5 O-O-O 16.Bc2 d3 17.Bd1 axb5 18.Ra8+ Kc7 19.Ba5+ b6 20.Bxb6+ Kxb6 
21.Rxd8 Nxe6 22.Rb8+ Kc7 23.Rxb5 Nd4 24.Re5 Bd6 25.Re3 Nc2+ 26.Bxc2 dxc2 
27.Rc3 Re8+ 28.Kd2 Ne4+ 29.Kxc2 Nxc3 30.bxc3 Re2+ 31.Kd3 Rxf2 32.g3 Rf3+ 
33.Kd4 f6 34.Ra1 Be5+ 35.Kd5 Rxc3 36.Ra7+ Kb6 37.Rxg7 g5 38.h4 gxh4 39.
gxh4 Rd3+ 40.Ke6 Rxb3 41.h5 Rh3 42.Rh7 Kc5 43.h6 Kxc4 44.Kf5 Rh5+ 45.Ke4 
Kc5 46.Kf3 Kd6 47.Kg4 Rg5+ 48.Kh4 Rg1 49.Kh5 Ke6 50.Rg7 Rh1+ 51.Kg6 Bf4 
52.Rh7 Rg1+ 53.Kh5 Kf5 0-1

[Event "16th EUR-ch"]
[Site "Jerusalem ISR"]
[Date "2015.03.06"]
[Round "10"]
[White "Hochman, Elnatan"]
[Black "Katzir, Moshe"]
[Result "0-1"]
[WhiteElo "1976"]
[BlackElo "2196"]
[EventDate "2015.02.24"]
[PlyCount "69"]

1.d4 d5 2.Nf3 e6 3.e3 Nf6 4.Bd3 c5 5.b3 Nc6 6.a3 Bd6 7.Bb2 b6 8.Ne5 Bb7 9.
O-O O-O 10.f4 Ne7 11.g4 Ne4 12.Qe1 f6 13.Nf3 Qd7 14.Qh4 Ng6 15.Qh5 Nxf4 
16.exf4 Bxf4 17.Re1 cxd4 18.Nxd4 g6 19.Qh3 Ng5 20.Qg2 e5 21.h4 Ne4 22.Nf3 
Bg3 23.Re2 Qxg4 24.h5 Nf2 25.Rxf2 Bxf2+ 26.Kxf2 Qxg2+ 27.Kxg2 e4 28.hxg6 
hxg6 29.Be2 exf3+ 30.Bxf3 Rf7 31.Nc3 Rd8 32.Rd1 d4 33.Bxb7 Rxb7 34.Ne2 Rc7
35.Kf2 0-1

[Event "16th EUR-ch"]
[Site "Jerusalem ISR"]
[Date "2015.03.06"]
[Round "10"]
[White "Hasidovsky, Michael"]
[Black "Chazan, Yonatan"]
[Result "1-0"]
[WhiteElo "2187"]
[BlackElo "1961"]
[EventDate "2015.02.24"]
[PlyCount "71"]

1.Nf3 Nf6 2.c4 Nc6 3.d4 e6 4.Nc3 Bb4 5.a3 Bxc3+ 6.bxc3 Na5 7.Nd2 O-O 8.e4 
d6 9.Bd3 e5 10.O-O Nc6 11.Nb3 Re8 12.f3 a5 13.Be3 a4 14.Nd2 Bd7 15.d5 Ne7 
16.c5 dxc5 17.Bxc5 Ng6 18.g3 Bh3 19.Rf2 Nh5 20.Be3 Nhf4 21.gxf4 exf4 22.
Bd4 c6 23.dxc6 bxc6 24.Bf1 Be6 25.Kh1 Ra5 26.Rg2 Rh5 27.Nc4 Qe7 28.Qxa4 
Bh3 29.Rb2 Qe6 30.Qd1 Rd8 31.Rab1 c5 32.Rb8 Qe8 33.Rxd8 Qxd8 34.Bg1 Qc8 
35.Qd6 Bxf1 36.Rb8 1-0

[Event "16th EUR-ch"]
[Site "Jerusalem ISR"]
[Date "2015.03.06"]
[Round "10"]
[White "Westreich, Itay"]
[Black "Ciobanu, Camelia-Adriana"]
[Result "0-1"]
[WhiteElo "1929"]
[BlackElo "2152"]
[EventDate "2015.02.24"]
[PlyCount "78"]

1.e4 e6 2.d4 d5 3.Nd2 Nf6 4.Bd3 c5 5.e5 Nfd7 6.c3 Nc6 7.Ne2 cxd4 8.cxd4 
Nb6 9.O-O Bd7 10.f4 f5 11.exf6 Qxf6 12.Nf3 Bd6 13.Be3 Nb4 14.Bb1 Bb5 15.
Ne5 O-O 16.Rf3 Bxe2 17.Qxe2 g6 18.Rg3 Bxe5 19.fxe5 Qh4 20.Rh3 Qe7 21.Rh6 
Qf7 22.h4 Nc4 23.Bg5 Nc6 24.h5 Nxd4 25.Qe1 Nxe5 26.Bxg6 Nxg6 27.hxg6 hxg6 
28.Rc1 Qg7 29.Rh3 Rf5 30.Be3 Raf8 31.Qd2 e5 32.Kh2 g5 33.Rg3 g4 34.Kg1 Rh5
35.Qd1 Rh4 36.Rc5 Nf5 37.Qxd5+ Kh8 38.Bf2 Nxg3 39.Bxg3 Rh1+ 0-1

[Event "16th EUR-ch"]
[Site "Jerusalem ISR"]
[Date "2015.03.06"]
[Round "10"]
[White "Ben-Natan, Yigal"]
[Black "Bronstein, Or"]
[Result "1/2-1/2"]
[WhiteElo "2138"]
[BlackElo "1944"]
[EventDate "2015.02.24"]
[PlyCount "128"]

1.d4 Nf6 2.c4 g6 3.Nc3 Bg7 4.e4 d6 5.Be2 O-O 6.f4 Na6 7.Nf3 c5 8.O-O cxd4 
9.Nxd4 Nc5 10.Bf3 a5 11.b3 Bd7 12.Be3 Qc7 13.Rc1 Rfc8 14.Nd5 Nxd5 15.cxd5 
Qb8 16.Qd2 b5 17.Rc2 b4 18.Rfc1 a4 19.Rc4 axb3 20.Rxb4 Qa7 21.Nxb3 Nxb3 
22.Rxc8+ Bxc8 23.Rxb3 Qa4 24.h3 Ba6 25.Qb4 Qxa2 26.Ra3 Qb2 27.Qxb2 Bxb2 
28.Ra2 Bf6 29.e5 Bg7 30.Bb6 Bb7 31.Rxa8+ Bxa8 32.Bc7 Bf8 33.Kf2 f6 34.Ke3 
fxe5 35.fxe5 Bb7 36.Kd3 dxe5 37.Bxe5 Bg7 38.Kd4 Bc8 39.h4 Bxe5+ 40.Kxe5 
Kf7 41.Be2 Bd7 42.Bc4 Kg7 43.g3 Bg4 44.Kf4 h5 45.Kg5 Bf5 46.Ba6 Kf7 47.Be2
Bc2 48.Bf3 Kg7 49.Bg2 Bb1 50.Kf4 Kf6 51.Be4 Ba2 52.Ke3 Bb3 53.Kd4 Bd1 54.
Kc5 Bg4 55.Kc6 Bh3 56.Kc7 Bg4 57.Kd8 Bh3 58.Ke8 Bg4 59.Kf8 Bd7 60.Kg8 Ba4 
61.Kh7 Be8 62.Kh6 Bf7 63.Bd3 Be8 64.Bc4 Bd7 1/2-1/2

[Event "16th EUR-ch"]
[Site "Jerusalem ISR"]
[Date "2015.03.06"]
[Round "10"]
[White "Kraus, Yair"]
[Black "Sassoon, Roei"]
[Result "1-0"]
[WhiteElo "2129"]
[BlackElo "1896"]
[EventDate "2015.02.24"]
[PlyCount "99"]

1.d4 Nf6 2.c4 g6 3.Nc3 Bg7 4.e4 d6 5.Nf3 O-O 6.Be2 e5 7.O-O Re8 8.dxe5 
dxe5 9.Qxd8 Rxd8 10.Bg5 Re8 11.Nd5 Nxd5 12.cxd5 c6 13.Bc4 cxd5 14.Bxd5 Nd7
15.Rac1 Nb6 16.Rc7 Nxd5 17.exd5 e4 18.Nd2 Re5 19.Rfc1 Bf5 20.d6 Bf8 21.Nc4
Rd5 22.Be7 Re8 23.Ne3 Rd3 24.Nxf5 gxf5 25.g3 Bh6 26.R1c2 f4 27.gxf4 Bxf4 
28.d7 Rxe7 29.d8=Q+ Rxd8 30.Rxe7 f5 31.Rxb7 Bb8 32.b4 f4 33.Re7 f3 34.Rc1 
Bf4 35.Re1 Bd2 36.R1xe4 Bxb4 37.Re8+ Rxe8 38.Rxe8+ Kg7 39.Re3 h6 40.Rxf3 
a5 41.Kf1 Kg6 42.Ke2 Kg5 43.Kd3 Kg4 44.Ke4 Kg5 45.Rg3+ Kf6 46.f4 Be1 47.
Rg2 h5 48.f5 Bc3 49.Rg6+ Kf7 50.Rh6 1-0

[Event "16th EUR-ch"]
[Site "Jerusalem ISR"]
[Date "2015.03.06"]
[Round "10"]
[White "Zlatin, Alexander"]
[Black "Gabizon, Eyal"]
[Result "0-1"]
[WhiteElo "2086"]
[BlackElo "1760"]
[EventDate "2015.02.24"]
[PlyCount "88"]

1.e4 c5 2.c3 d5 3.exd5 Qxd5 4.d4 cxd4 5.cxd4 Nc6 6.Nf3 e5 7.Nxe5 Qxd4 8.
Nxc6 Qxd1+ 9.Kxd1 bxc6 10.Be3 Nf6 11.Bc4 Be7 12.Nc3 O-O 13.f3 Bf5 14.Ke2 
Rab8 15.Bb3 Rfe8 16.Kf2 a5 17.Rac1 Be6 18.Bxe6 Rxb2+ 19.Ne2 fxe6 20.Rxc6 
Rxa2 21.Rd1 Nd5 22.Rd2 Rxd2 23.Bxd2 Bb4 24.Bxb4 axb4 25.Nd4 Kf7 26.Rd6 Kf6
27.Rd7 Rb8 28.Nb3 Rc8 29.Rb7 Rc3 30.Nd4 e5 31.Nb5 Rc2+ 32.Kg1 b3 33.Na3 
Rc3 34.Kf2 b2 35.Rxb2 Rxa3 36.Re2 Nf4 37.Rc2 Rb3 38.Kg3 h5 39.h4 Ne6 40.
Ra2 e4 41.Ra4 e3 42.Re4 Nc5 43.Rc4 e2 44.Kf2 Re3 0-1

[Event "16th EUR-ch"]
[Site "Jerusalem ISR"]
[Date "2015.03.06"]
[Round "10"]
[White "Adar, Idan"]
[Black "Bar, Aviv"]
[Result "1/2-1/2"]
[WhiteElo "1912"]
[BlackElo "2130"]
[EventDate "2015.02.24"]
[PlyCount "70"]

1.d4 d5 2.c4 c6 3.Nf3 Nf6 4.Nc3 dxc4 5.a4 Bf5 6.e3 e6 7.Bxc4 Bb4 8.O-O 
Nbd7 9.Qe2 O-O 10.e4 Bg4 11.Bd3 e5 12.Be3 exd4 13.Bxd4 Nc5 14.Bxc5 Bxc5 
15.e5 Re8 16.Rfe1 Nd5 17.Nxd5 Bxf3 18.Qxf3 Qxd5 19.Be4 Qe6 20.Bf5 Qd5 21.
Be4 Qe6 22.Bf5 Qe7 23.e6 g6 24.exf7+ Qxf7 25.Be4 Qxf3 26.Bxf3 Bd4 27.g3 
Kf7 28.Kg2 Rad8 29.Rxe8 Rxe8 30.Rd1 Rd8 31.Rd2 Rd6 32.Be2 Be5 33.Rxd6 Bxd6
34.Bc4+ Kf6 35.f4 a5 1/2-1/2

[Event "16th EUR-ch"]
[Site "Jerusalem ISR"]
[Date "2015.03.06"]
[Round "10"]
[White "Mdivani, Maka"]
[Black "Cohen, Itay"]
[Result "0-1"]
[WhiteElo "2105"]
[BlackElo "1871"]
[EventDate "2015.02.24"]
[PlyCount "70"]

1.d4 Nf6 2.c4 g6 3.Nc3 Bg7 4.e4 O-O 5.Be3 d6 6.h3 Na6 7.Bd3 c5 8.d5 Nc7 9.
g4 e6 10.Qd2 exd5 11.cxd5 Re8 12.O-O-O b5 13.f3 Rb8 14.h4 Ba6 15.h5 b4 16.
Nb1 c4 17.Bc2 Qc8 18.hxg6 fxg6 19.Ba4 Bb5 20.Bxb5 Nxb5 21.Ne2 c3 22.bxc3 
bxc3 23.Nexc3 Nxe4 24.fxe4 Nxc3 25.Nxc3 Bxc3 26.Qc2 Rb2 27.Qxb2 Bxb2+ 28.
Kxb2 Rxe4 29.Rd3 Rb4+ 30.Rb3 Rxb3+ 31.axb3 Qxg4 32.Rh2 Qe4 33.Re2 Qd3 34.
Re1 Qxd5 35.Bxa7 Qd2+ 0-1

[Event "16th EUR-ch"]
[Site "Jerusalem ISR"]
[Date "2015.03.06"]
[Round "10"]
[White "Drori, Dan"]
[Black "Globus, Or"]
[Result "0-1"]
[WhiteElo "2104"]
[BlackElo "1862"]
[EventDate "2015.02.24"]
[PlyCount "48"]

1.e4 c5 2.Nf3 d6 3.d4 cxd4 4.Nxd4 Nf6 5.f3 g6 6.c4 Bg7 7.Be3 O-O 8.Qd2 Nc6
9.Nc3 Nxd4 10.Bxd4 Be6 11.Be2 a6 12.O-O Qc7 13.Rac1 Rfc8 14.Nd5 Bxd5 15.
cxd5 Qd8 16.Rxc8 Rxc8 17.Qb4 Nd7 18.Bxg7 Kxg7 19.Qxb7 Rb8 20.Qxa6 Rxb2 21.
Rf2 Qc7 22.Qc4 Qb6 23.a4 Ne5 24.Qa6 Rb1+ 0-1

[Event "16th EUR-ch"]
[Site "Jerusalem ISR"]
[Date "2015.03.06"]
[Round "10"]
[White "Shohat, Yotam"]
[Black "Chubar, Vladimir"]
[Result "1-0"]
[WhiteElo "1903"]
[BlackElo "2066"]
[EventDate "2015.02.24"]
[PlyCount "153"]

1.e4 e6 2.d4 d5 3.Nc3 dxe4 4.Nxe4 Bd7 5.Nf3 Bc6 6.Bd3 Nd7 7.O-O Be7 8.c3 
Ngf6 9.Ng3 Bxf3 10.Qxf3 c6 11.Bc2 O-O 12.Qd3 Qa5 13.Bd2 Rad8 14.c4 Qc7 15.
Bc3 Ne5 16.Qe2 Ng6 17.Rad1 Rfe8 18.Rfe1 Qf4 19.Ne4 Nxe4 20.Qxe4 Qxe4 21.
Bxe4 Bf6 22.g3 Rd7 23.Rd2 Bg5 24.f4 Bd8 25.Red1 Bb6 26.Kg2 Ne7 27.Kf3 h6 
28.Bb4 Red8 29.Bxe7 Rxe7 30.c5 Bc7 31.b4 a6 32.a4 Ra8 33.a5 f5 34.Bd3 g5 
35.Bc4 gxf4 36.gxf4 Kf7 37.Re1 Rg8 38.h3 Rg6 39.Rde2 Bd8 40.Rg2 Rxg2 41.
Kxg2 Re8 42.Kf3 Bf6 43.Rd1 Rd8 44.Re1 Rxd4 45.Bxe6+ Kf8 46.Rb1 Rd3+ 47.Ke2
Rxh3 48.Bc8 Rh4 49.Kf3 Rh3+ 50.Kg2 Ra3 51.Bxb7 Ra2+ 52.Kh1 Rb2 53.Rxb2 
Bxb2 54.Bxc6 Bc3 55.b5 Bd4 56.bxa6 Bxc5 57.Bd7 Ke7 58.Bxf5 Kd6 59.Be4 Kc7 
60.Kg2 Kb8 61.Kh3 Ka7 62.Bd3 Be3 63.f5 Bd2 64.Kg4 Bb4 65.f6 Bc3 66.Kf5 Bb4
67.Kg6 Bf8 68.f7 Kb8 69.Be4 Ka7 70.Bb7 Kb8 71.Kh7 Ka7 72.Kg8 Bb4 73.f8=Q 
Bxf8 74.Kxf8 h5 75.Ke7 h4 76.Kd6 h3 77.Kc5 1-0

[Event "16th EUR-ch"]
[Site "Jerusalem ISR"]
[Date "2015.03.06"]
[Round "10"]
[White "Kerner, Michael"]
[Black "Or, Yochanan"]
[Result "1-0"]
[WhiteElo "2063"]
[BlackElo "1822"]
[EventDate "2015.02.24"]
[PlyCount "159"]

1.e4 e6 2.Qe2 c5 3.Nf3 Nc6 4.g3 Nge7 5.Bg2 a6 6.O-O Ng6 7.d3 Be7 8.c3 d5 
9.h4 h6 10.e5 b5 11.Re1 Bb7 12.Nbd2 Qc7 13.b3 a5 14.Nf1 b4 15.c4 d4 16.a3 
Nf8 17.Bf4 Nh7 18.h5 Kd7 19.axb4 Nxb4 20.Bd2 Ng5 21.Bxb4 axb4 22.N1d2 Bc6 
23.Nh4 Qb7 24.Qg4 Rhg8 25.f4 Nh7 26.Ne4 Rxa1 27.Rxa1 f5 28.exf6 Nxf6 29.
Nxf6+ Bxf6 30.Nf3 Ra8 31.Re1 Re8 32.Kf2 Qa6 33.f5 e5 34.Nd2 Kc7 35.Qg6 Re7
36.Bxc6 Kxc6 37.Re2 Qc8 38.Ne4 Qf8 39.Ra2 Kb6 40.Qg4 Qb8 41.Qd1 Ra7 42.Qa1
Rxa2+ 43.Qxa2 Qe8 44.g4 Qc6 45.Ke2 Bg5 46.Kd1 Be7 47.Kc2 Qd7 48.Qa4 Qc6 
49.Qxc6+ Kxc6 50.Kd2 Kd7 51.Ke2 Ke8 52.Kf3 Kf7 53.Nf2 Bh4 54.Nd1 Ke7 55.
Nb2 Bg5 56.Ke4 Kd6 57.Na4 Bd8 58.Kf3 Kc6 59.Nb2 Kd6 60.Nd1 Bh4 61.Ke4 Bg5 
62.Nf2 Bh4 63.Nh3 Bf6 64.Ng1 Bg5 65.Kf3 Bh4 66.Ne2 Ke7 67.Ng1 Kd6 68.Nh3 
Bf6 69.Nf2 Kc6 70.Ne4 Be7 71.Kg3 Bd8 72.g5 hxg5 73.f6 gxf6 74.h6 f5 75.h7 
fxe4 76.h8=Q exd3 77.Qh6+ Kb7 78.Qh7+ Kb6 79.Kf3 g4+ 80.Kxg4 1-0

[Event "16th EUR-ch"]
[Site "Jerusalem ISR"]
[Date "2015.03.06"]
[Round "10"]
[White "Altshul, Limor"]
[Black "Zlotogorski, Itay"]
[Result "1/2-1/2"]
[WhiteElo "1887"]
[BlackElo "2033"]
[EventDate "2015.02.24"]
[PlyCount "105"]

1.d4 d5 2.c4 c6 3.cxd5 cxd5 4.Bf4 Nc6 5.e3 Qb6 6.Nc3 e6 7.Bd3 Nf6 8.Nge2 
a6 9.O-O Be7 10.Rc1 O-O 11.Na4 Qd8 12.Qb3 Bd6 13.Bxd6 Qxd6 14.a3 Nd7 15.
Rc3 b5 16.Qc2 Na5 17.Nc5 g6 18.b3 Nxc5 19.Rxc5 Bd7 20.Qc3 Nc6 21.Rc1 Rfc8 
22.e4 Ne7 23.Qb4 Nc6 24.Qd2 Kg7 25.exd5 exd5 26.Qg5 Qf6 27.Qxf6+ Kxf6 28.
Rxd5 Ke7 29.b4 Nd8 30.Rdc5 Ne6 31.Rxc8 Rxc8 32.Rxc8 Bxc8 33.Be4 Ng5 34.Ba8
Bf5 35.f3 Kd6 36.Kf2 Bd7 37.Nc3 Ne6 38.Ke3 f5 39.Bb7 Nc7 40.f4 Bc6 41.Bxc6
Kxc6 42.g3 Kd6 43.Kd3 Ne8 44.a4 Nc7 45.axb5 axb5 46.h3 Kc6 47.h4 Nd5 48.
Na2 h5 49.Kd2 Nf6 50.Nc3 Ne4+ 51.Kd3 Nxc3 52.Kxc3 Kd5 53.Kd3 1/2-1/2

[Event "16th EUR-ch"]
[Site "Jerusalem ISR"]
[Date "2015.03.06"]
[Round "10"]
[White "Cohen Revivo, Alon"]
[Black "Vaturi, Eden"]
[Result "1/2-1/2"]
[WhiteElo "2022"]
[BlackElo "1798"]
[EventDate "2015.02.24"]
[PlyCount "83"]

1.d4 Nf6 2.c4 g6 3.Nc3 Bg7 4.e4 d6 5.f4 O-O 6.Nf3 c5 7.d5 e6 8.Be2 exd5 9.
cxd5 Re8 10.e5 dxe5 11.fxe5 Ng4 12.e6 fxe6 13.d6 Bd7 14.Ng5 Nf6 15.O-O h6 
16.Nge4 Nxe4 17.Nxe4 Rf8 18.Be3 b6 19.Qd2 Qh4 20.Rxf8+ Bxf8 21.Bd3 Be8 22.
Rf1 Bg7 23.g3 Qh3 24.Nf6+ Bxf6 25.Rxf6 Nd7 26.Bf1 Qg4 27.Rf4 Qh5 28.Bg2 
Rb8 29.Rh4 Qf5 30.Be4 Qe5 31.Bf2 h5 32.Bc6 Rc8 33.Re4 Qf5 34.Rxe6 Bf7 35.
Bxd7 Bxe6 36.Bxc8 Bxc8 37.Be1 Qg4 38.Qe3 Qd4 39.Qxd4 cxd4 40.Kf2 Kf7 41.
Ke2 Bf5 42.Bb4 1/2-1/2

[Event "16th EUR-ch"]
[Site "Jerusalem ISR"]
[Date "2015.03.06"]
[Round "10"]
[White "Levin, Natan"]
[Black "Tifferet, Shaked"]
[Result "0-1"]
[WhiteElo "1869"]
[BlackElo "2001"]
[EventDate "2015.02.24"]
[PlyCount "46"]

1.d4 Nf6 2.Nf3 g6 3.c3 Bg7 4.Bg5 O-O 5.Bxf6 Bxf6 6.h4 h5 7.e3 d6 8.Bd3 c5 
9.Qc2 Kg7 10.Nbd2 cxd4 11.exd4 Nc6 12.Nf1 d5 13.O-O-O Bg4 14.Kb1 Rc8 15.
Qd2 e5 16.dxe5 Nxe5 17.Nxe5 Bxd1 18.Qxd1 Bxe5 19.g4 Qb6 20.f4 Bxc3 21.Rh2 
Rfe8 22.Re2 Rxe2 23.Qxe2 Re8 0-1

[Event "16th EUR-ch"]
[Site "Jerusalem ISR"]
[Date "2015.03.06"]
[Round "10"]
[White "Kochavi, Ori"]
[Black "Toporkova, Sofia"]
[Result "0-1"]
[WhiteElo "1607"]
[BlackElo "1962"]
[EventDate "2015.02.24"]
[PlyCount "103"]

1.e4 c5 2.Nf3 b6 3.Nc3 Bb7 4.Bc4 a6 5.a4 e6 6.Qe2 d6 7.O-O Nc6 8.d3 Be7 9.
Bf4 Nf6 10.Bb3 O-O 11.Bg3 Nh5 12.Rad1 Nxg3 13.hxg3 Qc7 14.d4 cxd4 15.Nxd4 
Bf6 16.Nxc6 Qxc6 17.Rfe1 Rfd8 18.Rd3 b5 19.Qg4 b4 20.Nd1 a5 21.Rf3 Kf8 22.
Qh5 Ke7 23.Ne3 Qe8 24.Ng4 Bxb2 25.Qg5+ Kd7 26.Rd3 Qe7 27.Qf4 Ke8 28.Red1 
e5 29.Qf5 Bc8 30.Qf3 Bd4 31.Ne3 Ba6 32.Nd5 Qa7 33.Rxd4 exd4 34.Qg4 Kf8 35.
Qf5 Kg8 36.Qg5 Kh8 37.Ne7 Rd7 38.Nf5 f6 39.Qh4 d3 40.cxd3 Re8 41.Bd5 Bb7 
42.Bc4 Bc6 43.Kh2 Qxf2 44.Rh1 d5 45.Bb3 dxe4 46.Kh3 Qxf5+ 47.g4 Rxd3+ 48.
Kh2 Qe5+ 49.Kg1 h6 50.Bc2 Qc5+ 51.Kh2 Qxc2 52.Qh5 0-1